000 00424nam a22001697a 4500
005 20180820143906.0
008 160524b xxu||||| |||| 00| 0 eng d
020 _a0-07-462097-5
041 _aeng
082 _b4579
_a658.4012
100 _aBudhiraja,& Others
_94837
245 _aCases in Strategic Mgt.
260 _aNew Delhi
_bAcademic Faundation
_c2004
300 _a410p,
650 _aManagement
_9241
942 _cBK
999 _c1535
_d1534